| 000 | 00602 a2200181 4500 | ||
|---|---|---|---|
| 999 |
_c9473 _d9473 |
||
| 020 | _a9780409045987 | ||
| 050 | _aKF9601 MAH 2010 | ||
| 100 |
_aDu Toit, Pieter _eauthor |
||
| 245 |
_aLaw lifeline : _b law of criminal procedure / _cPieter Du Toit; Kanagie Naidoo; Jacques Mahler-Coetzee |
||
| 264 |
_aDurban : _bLexisNexis, _c 2010. |
||
| 300 | _av, 124 pages : illustrations ; 30 cm | ||
| 500 | _alncludes index | ||
| 650 | _aLaw -- Study and teaching. | ||
| 650 | _aTorts -- Study and teaching. | ||
| 700 | _aKanagie Naidoo | ||
| 700 | _a Jacques Mahler-Coetzee | ||
| 942 |
_2lcc _cBK _h9601 _iMAH _kKF |
||